001028131 001__ 1028131 001028131 005__ 20260407084415.0 001028131 0247_ $$2ISSN$$a0885-8950 001028131 0247_ $$2ISSN$$a1558-0679 001028131 0247_ $$2doi$$a10.1109/TPWRS.2026.3660662 001028131 0247_ $$2SCOPUS$$aSCOPUS:2-s2.0-105029283541 001028131 037__ $$aRWTH-2026-01477 001028131 041__ $$aEnglish 001028131 082__ $$a620 001028131 1001_ $$aKotsampopoulos, P.$$b0 001028131 245__ $$aDigital Real-Time Simulation Advancing Education and Training on Power and Energy Systems$$honline 001028131 260__ $$aNew York, NY$$bIEEE$$c2026 001028131 3367_ $$00$$2EndNote$$aJournal Article 001028131 3367_ $$0PUB:(DE-HGF)16$$2PUB:(DE-HGF)$$aJournal Article$$bjournal$$mjournal$$s1770366064_254752 001028131 3367_ $$2BibTeX$$aARTICLE 001028131 3367_ $$2DRIVER$$aarticle 001028131 3367_ $$2DataCite$$aOutput Types/Journal article 001028131 3367_ $$2ORCID$$aJOURNAL_ARTICLE 001028131 500__ $$aDate of Publication: 03 February 2026 001028131 588__ $$aDataset connected to CrossRef, Journals: publications.rwth-aachen.de 001028131 7001_ $$aPaspatis, A.$$b1 001028131 7001_ $$aHatziargyriou, N.$$b2 001028131 7001_ $$aDavari, M.$$b3 001028131 7001_ $$aKonstantinou, G.$$b4 001028131 7001_ $$aZobaa, A. F.$$b5 001028131 7001_ $$00000-0003-2546-6352$$aAleem, S. H. E. Abdel$$b6 001028131 7001_ $$aSyed, M.$$b7 001028131 7001_ $$aPalensky, P.$$b8 001028131 7001_ $$aCowan, I.$$b9 001028131 7001_ $$aSaad, H.$$b10 001028131 7001_ $$ada Costa, J. P.$$b11 001028131 7001_ $$aBrandl, R.$$b12 001028131 7001_ $$aWang, X.$$b13 001028131 7001_ $$aNasrallah, D. S.$$b14 001028131 7001_ $$aLauss, G.$$b15 001028131 7001_ $$aStrunz, K.$$b16 001028131 7001_ $$aJahn, I.$$b17 001028131 7001_ $$aAlzola, R. Peña$$b18 001028131 7001_ $$aStanev, R.$$b19 001028131 7001_ $$aMonti, A.$$b20 001028131 7001_ $$aSrivastava, A.$$b21 001028131 7001_ $$aStrasser, T. I.$$b22 001028131 7001_ $$aBarragán-Villarejo, M.$$b23 001028131 7001_ $$aForsyth, P.$$b24 001028131 7001_ $$aFaruque, Md O.$$b25 001028131 773__ $$0PERI:(DE-600)2034320-6$$a10.1109/TPWRS.2026.3660662$$tIEEE transactions on power systems$$x0885-8950$$y2026 001028131 9141_ $$y2026 001028131 9151_ $$0StatID:(DE-HGF)0031$$2StatID$$aPeer reviewed article$$x0 001028131 915__ $$0StatID:(DE-HGF)0030$$2StatID$$aPeer Review$$bASC$$d2025-11-12 001028131 915__ $$0StatID:(DE-HGF)0100$$2StatID$$aJCR$$bIEEE T POWER SYST : 2022$$d2025-11-12 001028131 915__ $$0StatID:(DE-HGF)0113$$2StatID$$aWoS$$bScience Citation Index Expanded$$d2025-11-12 001028131 915__ $$0StatID:(DE-HGF)0150$$2StatID$$aDBCoverage$$bWeb of Science Core Collection$$d2025-11-12 001028131 915__ $$0StatID:(DE-HGF)0160$$2StatID$$aDBCoverage$$bEssential Science Indicators$$d2025-11-12 001028131 915__ $$0StatID:(DE-HGF)0199$$2StatID$$aDBCoverage$$bClarivate Analytics Master Journal List$$d2025-11-12 001028131 915__ $$0StatID:(DE-HGF)0200$$2StatID$$aDBCoverage$$bSCOPUS$$d2025-11-12 001028131 915__ $$0StatID:(DE-HGF)0300$$2StatID$$aDBCoverage$$bMedline$$d2025-11-12 001028131 915__ $$0StatID:(DE-HGF)0600$$2StatID$$aDBCoverage$$bEbsco Academic Search$$d2025-11-12 001028131 915__ $$0StatID:(DE-HGF)1160$$2StatID$$aDBCoverage$$bCurrent Contents - Engineering, Computing and Technology$$d2025-11-12 001028131 915__ $$0StatID:(DE-HGF)9905$$2StatID$$aIF >= 5$$bIEEE T POWER SYST : 2022$$d2025-11-12 001028131 9201_ $$0I:(DE-82)616310_20140620$$k616310$$lLehrstuhl für Automation of Complex Power Systems$$x0 001028131 9201_ $$0I:(DE-82)080052_20160101$$k080052$$lE.ON Energy Research Center$$x1 001028131 9201_ $$0I:(DE-82)053300_20140620$$k053300$$lFraunhofer-Institut für Angewandte Informationstechnik - FIT$$x2 001028131 961__ $$c2026-02-06T09:23:44.335748$$x2026-02-06T09:23:44.335748$$z2026-02-06 001028131 980__ $$aI:(DE-82)053300_20140620 001028131 980__ $$aI:(DE-82)080052_20160101 001028131 980__ $$aI:(DE-82)616310_20140620 001028131 980__ $$aUNRESTRICTED 001028131 980__ $$aVDBINPRINT 001028131 980__ $$ajournal